El método fonético como estrategia en la enseñanza de la lectoescritura en el primer grado de primaria del centro educativo Fray Pedro de Córdoba, 2021-2022 / (Record no. 13452)

MARC details
000 -LEADER
campo de control de longitud fija 01700nmm a22003254i 4500
001 - NÚMERO DE CONTROL
campo de control 35535
003 - IDENTIFICADOR DE NÚMERO DE CONTROL
campo de control DO-SdISF
005 - FECHA Y HORA DE LA ÚLTIMA TRANSACCIÓN
campo de control 20250701084710.0
007 - CAMPO FIJO DE DESCRIPCIÓN FÍSICA--INFORMACIÓN GENERAL
campo de control de longitud fija ta
008 - DATOS DE LONGITUD FIJA--INFORMACIÓN GENERAL
campo de control de longitud fija 240529s2025 dr ||||fo||d| 00| 0 spa d
040 ## - FUENTE DE CATALOGACIÓN
Centro catalogador/agencia de origen DO-CGIP
Lengua de catalogación spa
Centro/agencia transcriptor DO-CGIP
Normas de descripción rda
100 1# - ENTRADA PRINCIPAL--NOMBRE DE PERSONA
Término indicativo de función/relación autor
Nombre de persona Morel Paredes, Estalin
9 (RLIN) 34816
245 13 - MENCIÓN DEL TÍTULO
Título El método fonético como estrategia en la enseñanza de la lectoescritura en el primer grado de primaria del centro educativo Fray Pedro de Córdoba, 2021-2022 /
Mención de responsabilidad, etc. Sustentada por Estalin Morel Paredes ; asesora: Teresa Bautista, M.A.
264 #1 - PRODUCCIÓN, PUBLICACIÓN, DISTRIBUCIÓN, FABRICACIÓN Y COPYRIGHT
Producción, publicación, distribución, fabricación y copyright Santo Domingo :
Nombre del de productor, editor, distribuidor, fabricante ISFODOSU,
Fecha de producción, publicación, distribución, fabricación o copyright 2025
300 ## - DESCRIPCIÓN FÍSICA
Extensión 1 recurso en línea (91 páginas) :
Otras características físicas ilustraciones
336 ## - TIPO DE CONTENIDO
Fuente rdacontent
Término de tipo de contenido texto
Código de tipo de contenido txt
337 ## - TIPO DE MEDIO
Nombre/término del tipo de medio Computadora
Código del tipo de medio c
Fuente rdamedia
338 ## - TIPO DE SOPORTE
Nombre/término del tipo de soporte recurso en línea
Código del tipo de soporte cr
Fuente rdacarrier
347 ## - CARACTERÍSTICAS DEL ARCHIVO DIGITAL
Fuente rda
Tipo de archivo archivo de texto
Formato de codificación PDF
502 ## - NOTA DE TESIS
Nota de tesis Tesis para optar por el título de Maestría en Gestión de Organizaciones Educativas - Instituto Superior de Formación Docente Salomé Ureña - ISFODOSU, Recinto FEM, 2025.
505 2# - NOTA DE CONTENIDO CON FORMATO
Nota de contenido con formato Introducción al problema de la investigación -- Revisión de literatura -- Metodología y diseño de investigación -- Presentación de los resultados -- Discusión de los resultados -- Conclusiones y recomendaciones -- Referencias -- Anexos.
610 17 - PUNTO DE ACCESO ADICIONAL DE MATERIA--NOMBRE DE ENTIDAD CORPORATIVA
Nombre de entidad corporativa o nombre de jurisdicción como elemento de entrada Instituto Superior de Formación Docente Salomé Ureña
Subdivisión de forma Tesis
Fuente del encabezamiento o término armarc
9 (RLIN) 20677
650 17 - PUNTO DE ACCESO ADICIONAL DE MATERIA--TÉRMINO DE MATERIA
Término de materia o nombre geográfico como elemento de entrada Educación primaria
Fuente del encabezamiento o término armarc
Subdivisión geográfica República Dominicana
9 (RLIN) 19677
650 17 - PUNTO DE ACCESO ADICIONAL DE MATERIA--TÉRMINO DE MATERIA
Término de materia o nombre geográfico como elemento de entrada Escritura
Subdivisión general Enseñanza
Fuente del encabezamiento o término armarc
9 (RLIN) 4280
650 14 - PUNTO DE ACCESO ADICIONAL DE MATERIA--TÉRMINO DE MATERIA
Término de materia o nombre geográfico como elemento de entrada Fonética
9 (RLIN) 4971
650 17 - PUNTO DE ACCESO ADICIONAL DE MATERIA--TÉRMINO DE MATERIA
Término de materia o nombre geográfico como elemento de entrada Lectura
Subdivisión general Enseñanza
Fuente del encabezamiento o término armarc
9 (RLIN) 6272
700 1# - ENTRADA AGREGADA--NOMBRE PERSONAL
Término indicativo de función/relación asesor
Nombre de persona Bautista, Teresa
9 (RLIN) 34817
856 ## - LOCALIZACIÓN Y ACCESO ELECTRÓNICOS
Texto de enlace Clic para ver Texto Completo
942 ## - ELEMENTOS DE ENTRADA SECUNDARIOS (KOHA)
Fuente de la clasificación o esquema de estantería
Tipo de ítem Koha

No items available.

© 2024. Todos los Derechos Reservados. Desarrollado por IDEICE